| 000 | 00329nam a2200133Ia 4500 | ||
|---|---|---|---|
| 008 | 230312s9999||||xx |||||||||||||| ||und|| | ||
| 020 | _a1-4160-4574-8 | ||
| 082 |
_a612 _bHAL-G |
||
| 100 | _aHall;John.E | ||
| 245 | 0 | _aGuyton and Hall:Textbook of Medical Physiology | |
| 300 | _a540 | ||
| 650 |
_aMedical _vPhysiology |
||
| 942 | _cBK | ||
| 999 |
_c9968 _d9968 |
||